00606nam a2200169 a 450000100100000000500170001000800410002702000180006804000250008608200160011110000370012724501060016426000850027030000210035550400310037670000290040700003681820200930075944.0120201s2010 dr 000 0 spa d a9789945003888 aDO-SdBNPbspacBNPHU axxxxbR789e1 aRosario Taveras, Urbaldo,d1967-10aEstudio jurídico :bcontaminación por ruido. /cUrbaldo Rosario Taveras, Victor Montaño Torres. aSantiago de los Caballeros, República Dominicana :bEdiciones Escritos,c2010. a232 p. ;c21 cm. aBibliografía : p.231-2321 aMontaño Torres, Victor